[Event "Pennant-chT"]
[Site "Adelaide"]
[Date "2009.10.13"]
[Round "5.4"]
[White "Atrens, Edvard"]
[Black "Howard, George"]
[Result "1/2-1/2"]
[WhiteElo "1463"]
[BlackElo "1498"]
[PlyCount "68"]
[EventDate "2009.09.15"]
[EventType "team-tourn"]
[EventRounds "7"]
[EventCountry "AUS"]
[SourceTitle "EXT 2023"]
[Source "ChessBase"]
[SourceDate "2022.10.05"]
[SourceVersion "1"]
[SourceVersionDate "2022.10.05"]
[SourceQuality "1"]

1. e4 c5 2. Nf3 Nc6 3. d4 cxd4 4. Nxd4 d6 5. Nc3 g6 6. Be3 Bg7 7. Bc4 Nf6 8. f3 0-0 9. Qd2 Nxd4 10. Bxd4 Be6 11. Be2 a6 12. 0-0 Rc8 13. Kh1 Ne8 14. Bxg7 Nxg7 15. Nd5 Bxd5 16. exd5 Qc7 17. c4 e5 18. dxe6 fxe6 19. Rfe1 Rcd8 20. Rac1 e5 21. Qd5+ Kh8 22. Bd3 Ne8 23. Be4 b6 24. Qd2 Nf6 25. Bd5 a5 26. a3 Rd7 27. b4 axb4 28. axb4 Kg7 29. Qe3 Nxd5 30. cxd5 Qb7 31. Rc6 Rb8 32. b5 Qa7 33. Rec1 Qa5 34. Qd3 Rbb7 1/2-1/2

[Event "Adelaide Freytag op"]
[Site "Adelaide"]
[Date "2009.07.05"]
[Round "5"]
[White "Searle, Zachary"]
[Black "Howard, George"]
[Result "1-0"]
[WhiteElo "1746"]
[BlackElo "1500"]
[PlyCount "129"]
[EventDate "2009.07.04"]
[EventType "swiss"]
[EventRounds "7"]
[EventCountry "AUS"]
[SourceTitle "EXT 2023"]
[Source "ChessBase"]
[SourceDate "2022.10.05"]
[SourceVersion "1"]
[SourceVersionDate "2022.10.05"]
[SourceQuality "1"]

1. e4 c5 2. Nf3 Nc6 3. d4 cxd4 4. Nxd4 d6 5. Nc3 g6 6. Be3 Bg7 7. Qd2 Nf6 8. f3 a6 9. 0-0-0 Bd7 10. Kb1 Nxd4 11. Bxd4 Bc6 12. g4 0-0 13. Be3 b5 14. Bh6 Rb8 15. h4 Kh8 16. Bxg7+ Kxg7 17. h5 Rh8 18. h6+ Kg8 19. g5 Nd7 20. Qd4 f6 21. f4 Kf7 22. Bh3 Qb6 23. Qd3 Nc5 24. Qd4 Rhd8 25. Nd5 Bxd5 26. Qxd5+ e6 27. Qd4 Nd7 28. Qd3 Nc5 29. Qf3 Qc6 30. Rhe1 f5 31. Rd4 Nxe4 32. Rdxe4 fxe4 33. Rxe4 d5 34. Bxe6+ Qxe6 35. Rxe6 Kxe6 36. Qg4+ Kd6 37. f5 Re8 38. b3 gxf5 39. Qxf5 Rb7 40. g6 hxg6 41. Qxg6+ Re6 42. Qg3+ Kc6 43. Qh3 Ree7 44. Qc8+ Kd6 45. b4 Ke5 46. Qg4 Red7 47. Qg5+ Kd4 48. Kb2 Ke4 49. Qg6+ Ke5 50. Qxa6 Kf5 51. Qc6 Kg5 52. h7 Rxh7 53. Qxd5+ Kf6 54. a4 bxa4 55. Qc6+ Ke5 56. Qxa4 Rhc7 57. Kb3 Kd6 58. c4 Rb6 59. Qa5 Rbc6 60. Qd5+ Ke7 61. c5 Ke8 62. Kc4 Ke7 63. b5 Rxc5+ 64. Qxc5+ Rxc5+ 65. Kxc5 1-0

[Event "Adelaide Interclub-A"]
[Site "Adelaide"]
[Date "2009.05.26"]
[Round "4.3"]
[White "Howard, George"]
[Black "Cooke, Tristrom"]
[Result "1-0"]
[WhiteElo "1500"]
[BlackElo "1552"]
[PlyCount "77"]
[EventDate "2009.05.05"]
[EventType "team-tourn"]
[EventRounds "9"]
[EventCountry "AUS"]
[SourceTitle "EXT 2023"]
[Source "ChessBase"]
[SourceDate "2022.10.05"]
[SourceVersion "1"]
[SourceVersionDate "2022.10.05"]
[SourceQuality "1"]

1. e4 e5 2. Nf3 Nc6 3. Bc4 Bc5 4. Nc3 Nf6 5. d3 0-0 6. Bg5 h6 7. Bxf6 Qxf6 8. Nd5 Qd8 9. 0-0 d6 10. c3 a6 11. h3 Ne7 12. Nxe7+ Qxe7 13. Qd2 Be6 14. Bb3 c6 15. Bc2 f5 16. d4 exd4 17. Nxd4 fxe4 18. Bxe4 d5 19. Bc2 Bxd4 20. Qxd4 Qg5 21. Kh2 Qf4+ 22. Qxf4 Rxf4 23. Rae1 Re8 24. Bg6 Re7 25. g4 Kf8 26. Kg3 Rf6 27. Bc2 g5 28. f4 Rxf4 29. Rxf4+ gxf4+ 30. Kxf4 Bg8 31. Rxe7 Kxe7 32. Ke5 a5 33. a3 b6 34. h4 Be6 35. Bf5 Bf7 36. g5 hxg5 37. hxg5 Bh5 38. g6 Bf3 39. Be6 1-0

[Event "Adelaide Interclub-A"]
[Site "Adelaide"]
[Date "2009.05.19"]
[Round "3.3"]
[White "Saint, Andrew"]
[Black "Howard, George"]
[Result "1-0"]
[WhiteElo "1743"]
[BlackElo "1500"]
[PlyCount "85"]
[EventDate "2009.05.05"]
[EventType "team-tourn"]
[EventRounds "9"]
[EventCountry "AUS"]
[SourceTitle "EXT 2023"]
[Source "ChessBase"]
[SourceDate "2022.10.05"]
[SourceVersion "1"]
[SourceVersionDate "2022.10.05"]
[SourceQuality "1"]

1. d4 d5 2. Nf3 e6 3. c4 Nf6 4. Nc3 Bb4 5. Bg5 Bd7 6. e3 Nc6 7. Be2 0-0 8. 0-0 Be7 9. Rc1 dxc4 10. Bxc4 Nd5 11. Bxe7 Ndxe7 12. Qc2 Ng6 13. Rfd1 Qe7 14. a3 Nd8 15. d5 a6 16. Ba2 f5 17. Nd4 Kh8 18. dxe6 Bxe6 19. Bxe6 Nxe6 20. Nxf5 Qg5 21. Ng3 Rad8 22. Nce4 Qe7 23. b4 Rxd1+ 24. Rxd1 Ne5 25. h3 Rd8 26. Rxd8+ Qxd8 27. Nc5 Nxc5 28. Qxc5 Qd6 29. Ne4 Qxc5 30. Nxc5 Nc4 31. Nxb7 Nxa3 32. Nc5 Kg8 33. Nxa6 Nb5 34. Kf1 Kf7 35. Ke2 Ke6 36. Kd3 Kd5 37. e4+ Kc6 38. e5 Kb6 39. Nc5 c6 40. f4 Nc7 41. f5 Kb5 42. f6 gxf6 43. exf6 1-0

[Event "Adelaide Interclub-A"]
[Site "Adelaide"]
[Date "2008.05.20"]
[Round "4.3"]
[White "Howard, George"]
[Black "Anderson Smith, William T"]
[Result "0-1"]
[WhiteElo "1560"]
[BlackElo "1573"]
[PlyCount "20"]
[EventDate "2008.04.29"]
[EventType "team-tourn"]
[EventRounds "9"]
[EventCountry "AUS"]
[SourceTitle "EXT 2010"]
[Source "ChessBase"]
[SourceDate "2010.11.25"]
[SourceVersion "1"]
[SourceVersionDate "2010.11.25"]
[SourceQuality "1"]

1. e4 e6 2. d4 d5 3. e5 c5 4. c3 Nc6 5. Nf3 Qb6 6. Be2 Bd7 7. b3 cxd4 8. cxd4 Bb4+ 9. Bd2 Nxd4 10. 0-0 Nxe2+ 0-1

[Event "Adelaide University op"]
[Site "Adelaide"]
[Date "2002.07.13"]
[Round "2"]
[White "Tao, Trevor"]
[Black "Howard, George"]
[Result "1-0"]
[WhiteElo "2319"]
[BlackElo "1611"]
[PlyCount "65"]
[EventDate "2002.07.13"]
[EventType "swiss"]
[EventRounds "7"]
[EventCountry "AUS"]
[SourceTitle "EXT 2005"]
[Source "ChessBase"]
[SourceDate "2004.11.15"]
[SourceVersion "1"]
[SourceVersionDate "2004.11.15"]
[SourceQuality "1"]

1. e4 c5 2. Ne2 Nc6 3. d4 cxd4 4. Nxd4 g6 5. c4 Bg7 6. Be3 d6 7. Nc3 Nf6 8. Be2 0-0 9. 0-0 Nxd4 10. Bxd4 Be6 11. b3 Qa5 12. f3 Nh5 13. Bxg7 Nxg7 14. Qd2 f5 15. exf5 Nxf5 16. Kh1 Rac8 17. Rad1 Qc5 18. Ne4 Qe3 19. Rfe1 Rfd8 20. Ng5 Qxd2 21. Rxd2 Bf7 22. Bd3 e5 23. Be4 b6 24. Bd5 Bxd5 25. Rxd5 Nd4 26. Ne4 Rc6 27. Kg1 h6 28. Nc3 Rc5 29. Rexe5 Rf8 30. Re7 Rxd5 31. Nxd5 Rf7 32. Re8+ Kg7 33. Rd8 1-0